书目信息 |
| 题名: |
中国历史1000问
|
|
| 作者: | 闻君 主编 | |
| 分册: | ||
| 出版信息: | 北京 北京工业大学出版社 2006.08 |
|
| 页数: | 465页 | |
| 开本: | 26cm | |
| 丛书名: | ||
| 单 册: | ||
| 中图分类: | K209 | |
| 科图分类: | ||
| 主题词: | ||
| 电子资源: | ||
| ISBN: | 978-7-5639-1657-3 | |
| 000 | 00832nam0 2200217 450 | |
| 001 | 012007379656 | |
| 005 | 20070927101817.29 | |
| 010 | @a978-7-5639-1657-3@dCNY39.00 | |
| 100 | @a20070724d2006 km y0chiy0120 ea | |
| 101 | 0 | @achi |
| 102 | @aCN@b110000 | |
| 105 | @aa z 000yy | |
| 200 | 1 | @a中国历史1000问@Azhong guo li shi 1000 wen@f闻君主编@Fwen jun zhu bian |
| 210 | @a北京@c北京工业大学出版社@d2006.08 | |
| 215 | @a465页@c图@d26cm | |
| 330 | @a本书采用编年体例,以问答的形式把从先秦到中华人民共和国成立以后的大事、重要的历史事件、重要的人物一一列举出来,简单明了,通俗易懂,适于青少年阅读,知识性趣味性很强,其中涉及到了政治军事、经济、科技、法律、艺术、文化等各个方面。 | |
| 607 | @a中国@Azhong guo@x历史@j青少年读物 | |
| 690 | @aK209@v4 | |
| 701 | 0 | @a闻君@Awen jun@4主编 |
| 801 | 0 | @aCN@c20070927 |
| 905 | @dK209@eW679 | |
| 中国历史1000问/闻君主编.-北京:北京工业大学出版社,2006.08 |
| 465页:图;26cm |
| ISBN 978-7-5639-1657-3:CNY39.00 |
| 本书采用编年体例,以问答的形式把从先秦到中华人民共和国成立以后的大事、重要的历史事件、重要的人物一一列举出来,简单明了,通俗易懂,适于青少年阅读,知识性趣味性很强,其中涉及到了政治军事、经济、科技、法律、艺术、文化等各个方面。 |
| ● |
| 相关链接 |
|
|
|
正题名:中国历史1000问
索取号:K209/W679
 
预约/预借
| 序号 | 登录号 | 条形码 | 馆藏地/架位号 | 状态 | 备注 |
| 1 | 247184 | 202471841 | 社科库309/309社科库 32排1列1层/ [索取号:K209/W679] | 在馆 | |
| 2 | 247185 | 202471850 | 社科库309/309社科库 32排1列1层/ [索取号:K209/W679] | 在馆 | |
| 3 | 247186 | 202471869 | 社科库309/309社科库 32排1列1层/ [索取号:K209/W679] | 在馆 |